000
00301nam a22001217a 4500
082
_a
823
_b
DEA/B
100
_a
DEARY, TERRY
245
_a
THE BARMY BRITISH EMPIRE
246
_a
THE BARMY BRITISH EMPIRE
_b
THE BARMY BRITISH EMPIRE
260
_a
LONDON
_b
ENGLISH PEOPLE
_c
2002
300
_a
127
942
_c
BK
999
_c
8773
_d
8773